<?xml version="1.0" encoding="UTF-8"?>
<record
    xmlns:xsi="http://www.w3.org/2001/XMLSchema-instance"
    xsi:schemaLocation="http://www.loc.gov/MARC21/slim http://www.loc.gov/standards/marcxml/schema/MARC21slim.xsd"
    xmlns="http://www.loc.gov/MARC21/slim">

  <leader>00492nam a22001697a 4500</leader>
  <datafield tag="952" ind1=" " ind2=" ">
    <subfield code="0">0</subfield>
    <subfield code="1">0</subfield>
    <subfield code="2">ddc</subfield>
    <subfield code="4">0</subfield>
    <subfield code="7">0</subfield>
    <subfield code="8">HISTORY</subfield>
    <subfield code="a">MES</subfield>
    <subfield code="b">MES</subfield>
    <subfield code="c">HIS</subfield>
    <subfield code="d">2021-02-26</subfield>
    <subfield code="l">10</subfield>
    <subfield code="m">12</subfield>
    <subfield code="o">909 HAR/S</subfield>
    <subfield code="p">40934</subfield>
    <subfield code="r">2025-03-05 15:38:09</subfield>
    <subfield code="s">2025-01-30</subfield>
    <subfield code="v">499.00</subfield>
    <subfield code="w">2021-02-26</subfield>
    <subfield code="y">BK</subfield>
    <subfield code="z">GL42R4</subfield>
  </datafield>
  <datafield tag="999" ind1=" " ind2=" ">
    <subfield code="c">41032</subfield>
    <subfield code="d">41032</subfield>
  </datafield>
  <controlfield tag="003">OSt</controlfield>
  <controlfield tag="005">20231201090847.0</controlfield>
  <controlfield tag="008">210226b           ||||| |||| 00| 0 eng d</controlfield>
  <datafield tag="020" ind1=" " ind2=" ">
    <subfield code="a">9780099590088</subfield>
  </datafield>
  <datafield tag="040" ind1=" " ind2=" ">
    <subfield code="c">oclc</subfield>
  </datafield>
  <datafield tag="082" ind1=" " ind2=" ">
    <subfield code="a">909</subfield>
    <subfield code="b">HAR/S</subfield>
  </datafield>
  <datafield tag="100" ind1=" " ind2=" ">
    <subfield code="a">Harari, Yuval Noah </subfield>
    <subfield code="9">8498</subfield>
  </datafield>
  <datafield tag="245" ind1=" " ind2=" ">
    <subfield code="a">Sapiens /</subfield>
    <subfield code="b">A brief History Of Humankind</subfield>
    <subfield code="c">Yuval Noah Harari </subfield>
  </datafield>
  <datafield tag="260" ind1=" " ind2=" ">
    <subfield code="a">London:</subfield>
    <subfield code="b">Penguin Books,</subfield>
    <subfield code="c">2014.</subfield>
  </datafield>
  <datafield tag="300" ind1=" " ind2=" ">
    <subfield code="a">498p</subfield>
  </datafield>
  <datafield tag="942" ind1=" " ind2=" ">
    <subfield code="2">ddc</subfield>
    <subfield code="c">BK</subfield>
    <subfield code="h">909</subfield>
    <subfield code="i">HAR/S</subfield>
    <subfield code="k">909</subfield>
    <subfield code="m">HAR/S</subfield>
  </datafield>
</record>
